000 cam a22 a 4500
999 _c769
_d769
003 AKMAL
005 20170505094343.0
008 170505s1986 my e 000 0 may d
040 _aAKMAL
082 0 4 _a297.07 MOH
090 0 0 _a297.07
_bMOH
100 0 _aMohamed bin Jusoh,
_cHaji
_91672
245 1 0 _aPrinsip utama makanan dan minuman dalam Islam /
_coleh Mohamed bin Jusoh
260 _aKuala Lumpur :
_bBah. Hal Ehwal Islam, JPM,
_c1986
300 _a122 ms. ;
_c18cm.
650 1 0 _aFood
_xReligious aspects
_xIslam
_91673
710 1 _aMalaysia.
_bJabatan Perdana Menteri.
_bBahagian Hal Ehwal Islam
_91674
942 _2ddc
_cBOOK